<?xml version="1.0" encoding="UTF-8"?>
<record
    xmlns:xsi="http://www.w3.org/2001/XMLSchema-instance"
    xsi:schemaLocation="http://www.loc.gov/MARC21/slim http://www.loc.gov/standards/marcxml/schema/MARC21slim.xsd"
    xmlns="http://www.loc.gov/MARC21/slim">

  <leader>00955nam0a22002891  4500</leader>
  <controlfield tag="001">rc\4877744</controlfield>
  <controlfield tag="005">20250613024835.0</controlfield>
  <datafield tag="021" ind1=" " ind2=" ">
    <subfield code="a">RU</subfield>
    <subfield code="b">[67-40354]</subfield>
  </datafield>
  <datafield tag="035" ind1=" " ind2=" ">
    <subfield code="a">(NLR Aleph) 008914505</subfield>
  </datafield>
  <datafield tag="090" ind1=" " ind2=" ">
    <subfield code="a">8784877</subfield>
    <subfield code="c">8784877</subfield>
  </datafield>
  <datafield tag="100" ind1=" " ind2=" ">
    <subfield code="a">20130426d1967    |||y0rusy50      ca</subfield>
  </datafield>
  <datafield tag="101" ind1="0" ind2=" ">
    <subfield code="a">rus</subfield>
  </datafield>
  <datafield tag="102" ind1=" " ind2=" ">
    <subfield code="a">RU</subfield>
  </datafield>
  <datafield tag="105" ind1=" " ind2=" ">
    <subfield code="a">a   z   |||||</subfield>
  </datafield>
  <datafield tag="200" ind1="1" ind2=" ">
    <subfield code="a">&#x41D;&#x430;&#x448; &#x441;&#x442;&#x430;&#x440;&#x448;&#x438;&#x439; &#x431;&#x440;&#x430;&#x442;</subfield>
    <subfield code="e">[&#x421;&#x431;&#x43E;&#x440;&#x43D;&#x438;&#x43A;]</subfield>
    <subfield code="f">&#x421;&#x43E;&#x441;&#x442;. &#x420;. &#x411;&#x43E;&#x43B;&#x442;&#x430;&#x435;&#x432;, &#x411;. &#x424;&#x430;&#x440;&#x440;&#x443;&#x445;</subfield>
  </datafield>
  <datafield tag="210" ind1=" " ind2=" ">
    <subfield code="a">[&#x414;&#x443;&#x448;&#x430;&#x43D;&#x431;&#x435;</subfield>
    <subfield code="c">&#x418;&#x440;&#x444;&#x43E;&#x43D;</subfield>
    <subfield code="d">1967]</subfield>
  </datafield>
  <datafield tag="215" ind1=" " ind2=" ">
    <subfield code="a">264 &#x441;., 9 &#x43B;. &#x438;&#x43B;.</subfield>
    <subfield code="d">21</subfield>
  </datafield>
  <datafield tag="606" ind1=" " ind2=" ">
    <subfield code="a">&#x41A;&#x43E;&#x43C;&#x43C;&#x443;&#x43D;&#x438;&#x441;&#x442;&#x438;&#x447;&#x435;&#x441;&#x43A;&#x43E;&#x435; &#x441;&#x442;&#x440;&#x43E;&#x438;&#x442;&#x435;&#x43B;&#x44C;&#x441;&#x442;&#x432;&#x43E;</subfield>
    <subfield code="y">&#x422;&#x430;&#x434;&#x436;&#x438;&#x43A;&#x441;&#x43A;&#x430;&#x44F; &#x421;&#x421;&#x420;</subfield>
    <subfield code="2">psbo</subfield>
  </datafield>
  <datafield tag="606" ind1=" " ind2=" ">
    <subfield code="a">&#x414;&#x440;&#x443;&#x436;&#x431;&#x430; &#x43D;&#x430;&#x440;&#x43E;&#x434;&#x43E;&#x432; &#x421;&#x421;&#x421;&#x420;</subfield>
    <subfield code="2">psbo</subfield>
  </datafield>
  <datafield tag="607" ind1=" " ind2=" ">
    <subfield code="a">&#x422;&#x430;&#x434;&#x436;&#x438;&#x43A;&#x441;&#x43A;&#x430;&#x44F; &#x421;&#x421;&#x420; (&#x445;. &#x43B;.)</subfield>
    <subfield code="2">psbo</subfield>
  </datafield>
  <datafield tag="702" ind1=" " ind2="1">
    <subfield code="a">&#x411;&#x43E;&#x43B;&#x442;&#x430;&#x435;&#x432;</subfield>
    <subfield code="b">&#x420;.</subfield>
    <subfield code="4">220</subfield>
  </datafield>
  <datafield tag="702" ind1=" " ind2="1">
    <subfield code="a">&#x424;&#x430;&#x440;&#x440;&#x443;&#x445;</subfield>
    <subfield code="b">&#x411;.</subfield>
    <subfield code="4">220</subfield>
  </datafield>
  <datafield tag="801" ind1=" " ind2="0">
    <subfield code="a">RU</subfield>
    <subfield code="b">NLR</subfield>
    <subfield code="g">psbo</subfield>
  </datafield>
  <datafield tag="801" ind1=" " ind2="1">
    <subfield code="a">RU</subfield>
    <subfield code="b">ELAR</subfield>
    <subfield code="2">rusmarc</subfield>
  </datafield>
  <datafield tag="852" ind1=" " ind2=" ">
    <subfield code="a">NLR</subfield>
    <subfield code="j">67-3/3131</subfield>
  </datafield>
  <datafield tag="942" ind1=" " ind2=" ">
    <subfield code="c">BOOK</subfield>
  </datafield>
  <datafield tag="980" ind1=" " ind2=" ">
    <subfield code="a">NB</subfield>
  </datafield>
  <datafield tag="995" ind1=" " ind2=" ">
    <subfield code="5">2013-10-26</subfield>
    <subfield code="b">NLR01</subfield>
    <subfield code="c">NLR01</subfield>
    <subfield code="e">RF31</subfield>
    <subfield code="f">8914505-10</subfield>
    <subfield code="k">67-3/3131</subfield>
    <subfield code="o">0</subfield>
    <subfield code="r">BOOK</subfield>
    <subfield code="s">6733131_</subfield>
  </datafield>
</record>
